Countries that Border 2 Oceans - Statistics

General Stats
  • This quiz has been taken 28 times
  • The average score is 19 of 21
Answer Stats
Continent Country % Correct
South America Argentina
100%
North America Canada
100%
South America Chile
100%
North America Mexico
100%
Europe & Asia Russia
100%
Africa South Africa
100%
Oceania Australia
96%
North & South America Panama
96%
North America United States of America
96%
North America Honduras
92%
Asia Indonesia
92%
North America Costa Rica
88%
North America Guatemala
88%
Asia Malaysia
88%
North America Nicaragua
88%
South America Colombia
84%
Asia Thailand
84%
Europe Norway
80%
Africa Egypt
72%
Asia East Timor
64%
Asia Israel
44%
No matching quizzes found
Score Distribution
Percent of People with Each Score
Percentile by Number Answered
Your Score History
You have not taken this quiz